The conditions of agricultural growth : the economics of Agrarian change under population pressure /

Bibliographic Details
Main Author: Boserup, Ester.
Format: eBook
Language:English
Published: London : Routledge, 2003.
Series:Routledge library editions. Economics
Development economics ; 4.
Subjects:
Online Access:Click to View
LEADER 01700nam a2200457 i 4500
001 EBC1542608
003 MiAaPQ
005 20200520144314.0
006 m o d |
007 cr cnu||||||||
008 131129r20031965enk o 001 0 eng|d
020 |z 9780415312981 
020 |a 9781315016320  |q (electronic bk.) 
035 |a (MiAaPQ)EBC1542608 
035 |a (Au-PeEL)EBL1542608 
035 |a (CaPaEBR)ebr10800294 
035 |a (CaONFJC)MIL761755 
035 |a (OCoLC)863823472 
040 |a MiAaPQ  |b eng  |e rda  |e pn  |c MiAaPQ  |d MiAaPQ 
050 4 |a HD1445  |b .B67 2003 
082 0 |a 338.1 
100 1 |a Boserup, Ester. 
245 1 4 |a The conditions of agricultural growth :  |b the economics of Agrarian change under population pressure /  |c Ester Boserup. 
264 1 |a London :  |b Routledge,  |c 2003. 
264 4 |c 1965 
300 |a 1 online resource (125 pages). 
336 |a text  |2 rdacontent 
337 |a computer  |2 rdamedia 
338 |a online resource  |2 rdacarrier 
440 0 |a Routledge library editions.  |p Economics 
490 1 |a Development economics ;  |v IV 
500 |a First published in 1965. 
500 |a Includes index. 
588 |a Description based on online resource; title from PDF title page (ebrary, viewed December 04, 2013). 
590 |a Electronic reproduction. Ann Arbor, MI : ProQuest, 2015. Available via World Wide Web. Access may be limited to ProQuest affiliated libraries. 
650 0 |a Agriculture  |x Economic aspects. 
650 0 |a Population. 
655 4 |a Electronic books. 
797 2 |a ProQuest (Firm) 
830 0 |a Development economics ;  |v 4. 
856 4 0 |u https://ebookcentral.proquest.com/lib/matrademy/detail.action?docID=1542608  |z Click to View